000 00710cam a22002053a 4500
001 40289
003 PGUSA
005 20140828083912.0
008 120721s2012||||xxu|||||s|||||000 | eng d
040 _aPGUSA
_beng
042 _adc
100 1 _aDubourg, George
245 1 4 _aThe Violin :
_bSome Account of That Leading Instrument and Its Most Eminent Professors, from Its Earliest Date to the Present Time; with Hints to Amateurs, Anecdotes, etc.
_h[electronic resource] /
_cGeorge Dubourg
260 _bProject Gutenberg,
_c2012
506 _aPublic domain in the USA.
516 _aElectronic text
830 0 _aProject Gutenberg
_v40289
856 4 0 _uhttp://www.gutenberg.org/ebooks/40289
942 _cEB
999 _c269542
_d269542